Bộ luật tố tụng dân sự (hiện hành) : Sửa đổi, bổ sung năm 2019, 2020

Bộ luật Tố tụng dân sự (hiện hành) là văn bản hợp nhất Bộ luật Tố tụng dân sự năm 2015 với nội dung sửa đổi, bổ sung của Bộ luật Tố tụng dân sự năm 2015 của Bộ luật Lao động năm 2019 và Luật Doanh nghiệp năm 2020; gồm 10 phần, 42...

Täydet tiedot

Tallennettuna:
Bibliografiset tiedot
Aineistotyyppi: Kirja
Kieli:Vietnamese
Julkaistu: H. Chính trị Quốc gia Sự thật 2021
Aiheet:
Tagit: Lisää tagi
Ei tageja, Lisää ensimmäinen tagi!
Thư viện lưu trữ: Thư viện Trường Đại học Nam Cần Thơ
LEADER 01810nam a22002057a 4500
001 NCT_4_009244
008 240617b xxu||||| |||| 00| 0 vie d
999 |c 8404  |d 8404 
020 |a 9786045764626  |c 102000 
082 0 4 |2 23rd ed.  |a 347.597  |b B450L 
245 0 0 |a Bộ luật tố tụng dân sự (hiện hành) :  |b Sửa đổi, bổ sung năm 2019, 2020 
260 |a H.  |b Chính trị Quốc gia Sự thật  |c 2021 
300 |a 452 tr.  |c 21 cm 
520 3 |a Bộ luật Tố tụng dân sự (hiện hành) là văn bản hợp nhất Bộ luật Tố tụng dân sự năm 2015 với nội dung sửa đổi, bổ sung của Bộ luật Tố tụng dân sự năm 2015 của Bộ luật Lao động năm 2019 và Luật Doanh nghiệp năm 2020; gồm 10 phần, 42 chương, 517 điều, quy định những nguyên tắc cơ bản trong tố tụng dân sự; trình tự và thủ tục để khởi kiện, yêu cầu để Tòa án giải quyết tranh chấp dân sự, hôn nhân và gia đình, kinh doanh, thương mại, lao động... 
653 |a Luật học 
942 |2 ddc  |c BK 
952 |0 0  |1 0  |2 ddc  |4 0  |6 347_597000000000000_B450L  |7 0  |9 29006  |a 000001  |b 000001  |d 2024-06-17  |l 14  |m 4  |o 347.597 B450L  |p MD.22542  |r 2025-12-02  |s 2025-11-18  |v 102000.00  |w 2024-06-17  |y BK 
952 |0 0  |1 0  |2 ddc  |4 0  |6 347_597000000000000_B450L  |7 0  |9 29007  |a 000001  |b 000001  |d 2024-06-17  |l 9  |m 1  |o 347.597 B450L  |p MD.22543  |r 2025-12-02  |s 2025-11-18  |v 102000.00  |w 2024-06-17  |y BK 
952 |0 0  |1 0  |2 ddc  |4 0  |6 347_597000000000000_B450L  |7 0  |9 29008  |a 000001  |b 000001  |d 2024-06-17  |l 7  |o 347.597 B450L  |p MD.22544  |r 2025-11-10  |s 2025-11-10  |v 102000.00  |w 2024-06-17  |y BK 
980 |a Thư viện Trường Đại học Nam Cần Thơ